[Event "RUS-ch Women Rapid 2019"]
[Site "Sochi"]
[Date "2019.10.16"]
[Round "11.7"]
[White "Guseva, Marina"]
[Black "Gvanceladze, Anna"]
[Result "0-1"]
[WhiteElo "2335"]
[BlackElo "2270"]
[Annotator "NA"]
[PlyCount "101"]
[EventDate "2019.10.15"]
[EventType "swiss"]
[EventCountry "RUS"]
[SourceTitle "playchess.com"]
[Source "ChessBase"]
[SourceQuality "1"]
[TimeControl "900+10"]

1. d4 {[%emt 0:00:00]} d5 {[%emt 0:00:00]} 2. c4 {[%emt 0:00:00]} c6 {[%emt 0:00:00]} 3. Nc3 {[%emt 0:00:00]} Nf6 {[%emt 0:00:00]} 4. e3 {[%emt 0:00:00]} g6 {[%emt 0:00:00]} 5. Bd3 {[%emt 0:00:01]} Bg7 {[%emt 0:00:00]} 6. Nf3 {[%emt 0:00:02]} O-O {[%emt 0:00:06]} 7. O-O {[%emt 0:00:07]} Bg4 {[%emt 0:00:18]} 8. h3 {[%emt 0:00:02]} Bxf3 {[%emt 0:00:02]} 9. Qxf3 {[%emt 0:00:01]} e6 {[%emt 0:00:01]} 10. Rd1 {[%emt 0:00:10]} Nbd7 {[%emt 0:00:02]} 11. Bf1 {[%emt 0:00:24]} a6 {[%emt 0:00:19]} 12. b3 {[%emt 0:00:05]} Re8 {[%emt 0:00:18]} 13. Bb2 {[%emt 0:00:05]} Rc8 {[%emt 0:00:03]} 14. Rac1 {[%emt 0:00:07]} Qe7 {[%emt 0:00:32]} 15. Qe2 {[%emt 0:00:10]} h5 {[%emt 0:00:05]} 16. g3 {[%emt 0:01:09]} Nf8 {[%emt 0:00:42]} 17. Bg2 {[%emt 0:00:07]} N8h7 {[%emt 0:00:02]} 18. Qc2 {[%emt 0:00:30]} Rcd8 {[%emt 0:00:14]} 19. a4 {[%emt 0:00:20]} Ng5 {[%emt 0:00:06]} 20. f4 {[%emt 0:02:00]} Ngh7 {[%emt 0:00:19]} 21. Nb1 {[%emt 0:00:04]} Qd7 {[%emt 0:00:25]} 22. Nd2 {[%emt 0:00:09]} Qe7 {[%emt 0:01:15]} 23. Kh2 {[%emt 0:00:08]} Qd6 {[%emt 0:00:43]} 24. Nf3 {[%emt 0:00:19]} Ne4 {[%emt 0:00:25]} 25. Ne5 {[%emt 0:00:06]} Nhf6 {[%emt 0:00:12]} 26. Ra1 {[%emt 0:00:53]} Qb8 {[%emt 0:00:15]} 27. b4 {[%emt 0:00:09]} Nd6 {[%emt 0:00:10]} 28. c5 {[%emt 0:00:12]} Nf5 {[%emt 0:00:30]} 29. Re1 {[%emt 0:00:22]} Nd7 {[%emt 0:00:19]} 30. Bc3 {[%emt 0:01:06]} Re7 {[%emt 0:00:49]} 31. Qf2 {[%emt 0:00:21]} Nf8 {[%emt 0:01:47]} 32. Reb1 {[%emt 0:00:15]} f6 {[%emt 0:00:51]} 33. Nf3 {[%emt 0:00:38]} Nd7 {[%emt 0:01:28]} 34. Kg1 {[%emt 0:02:04]} e5 {[%emt 0:00:13]} 35. g4 {[%emt 0:02:22]} hxg4 {[%emt 0:00:03]} 36. hxg4 {[%emt 0:00:02]} Nh6 {[%emt 0:02:34]} 37. Nh2 {[%emt 0:01:39]} exf4 {[%emt 0:02:01]} 38. exf4 {[%emt 0:00:02]} Rde8 {[%emt 0:00:03]} 39. Re1 {[%emt 0:00:48]} f5 {[%emt 0:01:41]} 40. gxf5 {[%emt 0:01:57]} Nxf5 {[%emt 0:00:02]} 41. Rxe7 {[%emt 0:00:04]} Rxe7 {[%emt 0:00:02]} 42. Ng4 {[%emt 0:00:02]} a5 {[%emt 0:00:32]} 43. Ne5 {[%emt 0:00:12]} Nxe5 {[%emt 0:00:03]} 44. fxe5 {[%emt 0:00:03]} axb4 {[%emt 0:00:01]} 45. Bxb4 {[%emt 0:00:01]} Nxd4 {[%emt 0:01:11]} 46. Qxd4 {[%emt 0:00:09]} Bxe5 {[%emt 0:00:00]} 47. Qd1 {[%emt 0:00:51]} Bh2+ {[%emt 0:00:27]} 48. Kh1 {[%emt 0:00:05]} Qf4 {[%emt 0:00:06]} 49. Qf3 {[%emt 0:01:54]} Qh4 {[%emt 0:00:36]} 50. Bc3 {[%emt 0:00:45]} Be5+ {[%emt 0:00:16]} 51. Bh3 {[%emt 0:00:28]} 0-1

[Event "RUS-ch Women Rapid 2019"]
[Site "Sochi"]
[Date "2019.10.16"]
[Round "11.8"]
[White "Bivol, Alina"]
[Black "Dumcheva, Julia"]
[Result "1-0"]
[WhiteElo "2283"]
[BlackElo "2168"]
[Annotator "NA"]
[PlyCount "83"]
[EventDate "2019.10.15"]
[EventType "swiss"]
[EventCountry "RUS"]
[SourceTitle "playchess.com"]
[Source "ChessBase"]
[SourceQuality "1"]
[TimeControl "900+10"]

1. c4 {[%emt 0:00:00]} Nf6 {[%emt 0:00:00]} 2. g3 {[%emt 0:00:00]} g6 {[%emt 0:00:00]} 3. d4 {[%emt 0:00:00]} Bg7 {[%emt 0:00:00]} 4. Bg2 {[%emt 0:00:00]} O-O {[%emt 0:00:03]} 5. Nc3 {[%emt 0:00:04]} d6 {[%emt 0:00:03]} 6. Nf3 {[%emt 0:00:01]} Nbd7 {[%emt 0:00:11]} 7. O-O {[%emt 0:00:04]} e5 {[%emt 0:00:22]} 8. e4 {[%emt 0:00:02]} c6 {[%emt 0:00:09]} 9. Re1 {[%emt 0:00:11]} Qc7 {[%emt 0:00:19]} 10. h3 {[%emt 0:00:09]} Re8 {[%emt 0:00:33]} 11. Be3 {[%emt 0:00:31]} Nf8 {[%emt 0:01:16]} 12. Qc2 {[%emt 0:00:16]} Be6 {[%emt 0:00:25]} 13. b3 {[%emt 0:00:04]} Qa5 {[%emt 0:00:14]} 14. Rad1 {[%emt 0:01:09]} Rad8 {[%emt 0:02:03]} 15. dxe5 {[%emt 0:00:19]} dxe5 {[%emt 0:00:05]} 16. Na4 {[%emt 0:00:28]} b6 {[%emt 0:01:11]} 17. Bd2 {[%emt 0:00:25]} Qa6 {[%emt 0:00:37]} 18. Nxe5 {[%emt 0:00:09]} Qc8 {[%emt 0:00:17]} 19. Kh2 {[%emt 0:00:24]} Nh5 {[%emt 0:01:44]} 20. Nf3 {[%emt 0:00:18]} Qc7 {[%emt 0:00:25]} 21. Bg5 {[%emt 0:00:38]} f6 {[%emt 0:00:22]} 22. Bc1 {[%emt 0:00:01]} Bf7 {[%emt 0:00:51]} 23. Rxd8 {[%emt 0:00:30]} Rxd8 {[%emt 0:00:01]} 24. Rd1 {[%emt 0:00:15]} Re8 {[%emt 0:00:06]} 25. Nc3 {[%emt 0:00:09]} Ne6 {[%emt 0:00:07]} 26. Be3 {[%emt 0:00:27]} Bf8 {[%emt 0:01:09]} 27. Ne2 {[%emt 0:00:47]} Bd6 {[%emt 0:00:20]} 28. Kg1 {[%emt 0:00:03]} Nc5 {[%emt 0:00:42]} 29. Nfd4 {[%emt 0:00:03]} Ne6 {[%emt 0:01:06]} 30. Nxe6 {[%emt 0:00:22]} Bxe6 {[%emt 0:00:10]} 31. c5 {[%emt 0:01:08]} Be7 {[%emt 0:00:14]} 32. cxb6 {[%emt 0:00:03]} axb6 {[%emt 0:00:05]} 33. Nd4 {[%emt 0:00:12]} Bd7 {[%emt 0:00:22]} 34. Nb5 {[%emt 0:00:07]} Qc8 {[%emt 0:00:27]} 35. Nd6 {[%emt 0:00:36]} Bxd6 {[%emt 0:00:07]} 36. Rxd6 {[%emt 0:00:01]} Bxh3 {[%emt 0:01:14]} 37. Qxc6 {[%emt 0:00:09]} Bxg2 {[%emt 0:01:30]} 38. Kxg2 {[%emt 0:01:07]} Qb8 {[%emt 0:00:15]} 39. Qd5+ {[%emt 0:00:19]} Kh8 {[%emt 0:00:11]} 40. Rxb6 {[%emt 0:00:09]} Qc8 {[%emt 0:01:11]} 41. Rb7 {[%emt 0:00:24]} Nxg3 {[%emt 0:00:37]} 42. Qf7 {[%emt 0:00:19]} 1-0

[Event "RUS-ch Women Rapid 2019"]
[Site "Sochi"]
[Date "2019.10.16"]
[Round "11.9"]
[White "Ovod, Evgenija"]
[Black "Lysenko, Margarita"]
[Result "1/2-1/2"]
[WhiteElo "2347"]
[BlackElo "2243"]
[Annotator "NA"]
[PlyCount "99"]
[EventDate "2019.10.15"]
[EventType "swiss"]
[EventCountry "RUS"]
[SourceTitle "playchess.com"]
[Source "ChessBase"]
[SourceQuality "1"]
[TimeControl "900+10"]

1. e4 {[%emt 0:00:00]} c5 {[%emt 0:00:01]} 2. c3 {[%emt 0:00:00]} g6 {[%emt 0:00:07]} 3. d4 {[%emt 0:00:00]} cxd4 {[%emt 0:00:02]} 4. cxd4 {[%emt 0:00:00]} d5 {[%emt 0:00:02]} 5. e5 {[%emt 0:00:00]} a6 {[%emt 0:00:10]} 6. Nc3 {[%emt 0:00:13]} Nc6 {[%emt 0:00:02]} 7. h3 {[%emt 0:00:14]} Bg7 {[%emt 0:00:31]} 8. Nf3 {[%emt 0:00:44]} f6 {[%emt 0:00:22]} 9. exf6 {[%emt 0:01:41]} Nxf6 {[%emt 0:00:06]} 10. Bd3 {[%emt 0:00:22]} O-O {[%emt 0:00:19]} 11. O-O {[%emt 0:00:05]} Nh5 {[%emt 0:01:30]} 12. Bc2 {[%emt 0:00:09]} Kh8 {[%emt 0:03:51]} 13. Bb3 {[%emt 0:00:20]} Be6 {[%emt 0:00:26]} 14. Re1 {[%emt 0:00:30]} Bg8 {[%emt 0:00:12]} 15. Bg5 {[%emt 0:00:14]} Nf4 {[%emt 0:03:05]} 16. Bh4 {[%emt 0:02:15]} b5 {[%emt 0:01:15]} 17. Rc1 {[%emt 0:00:23]} Qd7 {[%emt 0:00:16]} 18. Bg3 {[%emt 0:02:52]} Rac8 {[%emt 0:00:35]} 19. Kh2 {[%emt 0:01:14]} Qf5 {[%emt 0:02:14]} 20. Ne2 {[%emt 0:02:49]} Nxg2 {[%emt 0:00:56]} 21. Kxg2 {[%emt 0:00:54]} Qxf3+ {[%emt 0:00:03]} 22. Kh2 {[%emt 0:00:02]} Qh5 {[%emt 0:01:45]} 23. Rc3 {[%emt 0:00:41]} b4 {[%emt 0:00:31]} 24. Re3 {[%emt 0:01:02]} e5 {[%emt 0:00:11]} 25. dxe5 {[%emt 0:00:42]} Nxe5 {[%emt 0:00:06]} 26. Nf4 {[%emt 0:00:17]} Qxd1 {[%emt 0:00:21]} 27. Rxd1 {[%emt 0:01:12]} Nc4 {[%emt 0:00:07]} 28. Re7 {[%emt 0:00:04]} Nxb2 {[%emt 0:00:21]} 29. Rb1 {[%emt 0:00:31]} Nc4 {[%emt 0:00:08]} 30. Ne6 {[%emt 0:00:10]} Bxe6 {[%emt 0:00:04]} 31. Rxe6 {[%emt 0:00:01]} a5 {[%emt 0:00:16]} 32. Rd1 {[%emt 0:00:03]} d4 {[%emt 0:00:08]} 33. Ra6 {[%emt 0:00:21]} Rfe8 {[%emt 0:00:14]} 34. Bxc4 {[%emt 0:00:05]} Rxc4 {[%emt 0:00:01]} 35. Rxa5 {[%emt 0:00:01]} Rc2 {[%emt 0:00:12]} 36. Rb1 {[%emt 0:00:06]} d3 {[%emt 0:00:06]} 37. Rd5 {[%emt 0:00:11]} d2 {[%emt 0:00:06]} 38. Rxb4 {[%emt 0:00:05]} Rxa2 {[%emt 0:00:04]} 39. Rb3 {[%emt 0:00:05]} h5 {[%emt 0:00:23]} 40. Rbd3 {[%emt 0:00:03]} Bh6 {[%emt 0:00:16]} 41. Kg2 {[%emt 0:00:12]} Rc2 {[%emt 0:00:11]} 42. Be5+ {[%emt 0:00:31]} Kg8 {[%emt 0:00:02]} 43. h4 {[%emt 0:00:09]} Rc1 {[%emt 0:00:07]} 44. f4 {[%emt 0:00:11]} Rc4 {[%emt 0:00:16]} 45. Kf3 {[%emt 0:00:05]} Rf8 {[%emt 0:00:05]} 46. R5d4 {[%emt 0:00:09]} Rxd4 {[%emt 0:00:20]} 47. Rxd4 {[%emt 0:00:02]} Bg7 {[%emt 0:00:09]} 48. Bxg7 {[%emt 0:00:03]} Kxg7 {[%emt 0:00:02]} 49. Rxd2 {[%emt 0:00:01]} Rf5 {[%emt 0:00:04]} 50. Ke4 1/2-1/2

[Event "RUS-ch Women Rapid 2019"]
[Site "Sochi"]
[Date "2019.10.16"]
[Round "11.10"]
[White "Fominykh, Maria"]
[Black "Shafigullina, Zarina"]
[Result "1-0"]
[WhiteElo "2206"]
[BlackElo "2295"]
[Annotator "NA"]
[PlyCount "85"]
[EventDate "2019.10.15"]
[EventType "swiss"]
[EventCountry "RUS"]
[SourceTitle "playchess.com"]
[Source "ChessBase"]
[SourceQuality "1"]
[TimeControl "900+10"]

1. d4 {[%emt 0:00:00]} Nf6 {[%emt 0:00:00]} 2. Nf3 {[%emt 0:00:00]} e6 {[%emt 0:00:00]} 3. c4 {[%emt 0:00:00]} b6 {[%emt 0:00:00]} 4. g3 {[%emt 0:00:03]} Ba6 {[%emt 0:00:00]} 5. Qc2 {[%emt 0:00:14]} c5 {[%emt 0:00:37]} 6. Bg2 {[%emt 0:00:15]} Bb7 {[%emt 0:00:02]} 7. dxc5 {[%emt 0:00:21]} Bxc5 {[%emt 0:00:12]} 8. O-O {[%emt 0:00:02]} Nc6 {[%emt 0:01:41]} 9. a3 {[%emt 0:00:29]} Rc8 {[%emt 0:00:18]} 10. Nc3 {[%emt 0:00:56]} Ba8 {[%emt 0:00:51]} 11. Rd1 {[%emt 0:00:33]} O-O {[%emt 0:01:44]} 12. Bg5 {[%emt 0:00:57]} Be7 {[%emt 0:00:01]} 13. e4 {[%emt 0:01:40]} Ng4 {[%emt 0:00:28]} 14. Bxe7 {[%emt 0:00:48]} Qxe7 {[%emt 0:00:04]} 15. Nb5 {[%emt 0:02:52]} Nce5 {[%emt 0:01:07]} 16. Nxe5 {[%emt 0:00:34]} Nxe5 {[%emt 0:00:03]} 17. b3 {[%emt 0:00:03]} a6 {[%emt 0:05:50]} 18. Nd6 {[%emt 0:00:02]} Rc6 {[%emt 0:00:01]} 19. Qd2 {[%emt 0:00:03]} f6 {[%emt 0:00:50]} 20. a4 {[%emt 0:03:13]} Rc7 {[%emt 0:01:20]} 21. a5 {[%emt 0:00:21]} Rb8 {[%emt 0:00:01]} 22. f4 {[%emt 0:01:15]} Nc6 {[%emt 0:00:27]} 23. axb6 {[%emt 0:00:18]} Rxb6 {[%emt 0:00:11]} 24. Qe3 {[%emt 0:00:15]} Rb8 {[%emt 0:00:52]} 25. Rxa6 {[%emt 0:00:04]} e5 {[%emt 0:00:34]} 26. Rb6 {[%emt 0:00:59]} Rf8 {[%emt 0:00:03]} 27. Nf5 {[%emt 0:00:17]} Qd8 {[%emt 0:00:40]} 28. c5 {[%emt 0:00:54]} g6 {[%emt 0:00:25]} 29. Nd6 {[%emt 0:00:11]} Nd4 {[%emt 0:00:04]} 30. b4 {[%emt 0:00:14]} Ra7 {[%emt 0:00:10]} 31. Nb5 {[%emt 0:00:26]} Nxb5 {[%emt 0:00:18]} 32. Rxb5 {[%emt 0:00:03]} Qc7 {[%emt 0:00:28]} 33. Rb6 {[%emt 0:00:14]} f5 {[%emt 0:00:37]} 34. Rbd6 {[%emt 0:00:35]} exf4 {[%emt 0:00:25]} 35. gxf4 {[%emt 0:00:15]} Qb8 {[%emt 0:00:12]} 36. Qb3+ {[%emt 0:00:07]} Kh8 {[%emt 0:00:00]} 37. Qc3+ {[%emt 0:00:08]} Kg8 {[%emt 0:00:02]} 38. Rxd7 {[%emt 0:00:06]} Rxd7 {[%emt 0:00:14]} 39. Rxd7 Rf7 40. Qc4 {[%emt 0:00:16]} Qe8 {[%emt 0:00:02]} 41. Rxf7 {[%emt 0:00:13]} Qxf7 {[%emt 0:00:01]} 42. Qxf7+ {[%emt 0:00:01]} Kxf7 {[%emt 0:00:01]} 43. exf5 {[%emt 0:00:01]} 1-0

[Event "RUS-ch Women Rapid 2019"]
[Site "Sochi"]
[Date "2019.10.16"]
[Round "11.11"]
[White "Maltsevskaya, Aleksandra"]
[Black "Tomilova, Elena"]
[Result "1-0"]
[WhiteElo "2304"]
[BlackElo "2164"]
[Annotator "TA"]
[PlyCount "121"]
[EventDate "2019.10.15"]
[EventType "swiss"]
[EventCountry "RUS"]
[SourceTitle "playchess.com"]
[Source "ChessBase"]
[SourceQuality "1"]

{[%evp 11,121,-21,-14,-14,-10,-4,-10,-26,-21,-23,-26,-31,-45,-56,-55,-64,-48,-64,-37,-49,-39,-32,-16,-17,0,-47,286,280,306,74,73,74,79,-53,-76,-100,75,0,114,72,72,62,60,10,125,43,39,10,113,120,138,132,140,137,143,143,145,142,143,131,158,145,188,150,231,222,239,231,307,318,363,351,354,337,345,272,455,447,470,470,470,426,441,416,426,407,668,362,925,875,853,814,729,379,318,112,112,0,0,0,0,0,668,0,0,0,0,-34,2388,1943,1629,1529]} 1. e4 e6 2. d3 d5 3. Nd2 Nf6 4. Ngf3 b6 5. Qe2 Be7 6. g3 Bb7 7. Bg2 {C00: French: Unusual White 2nd moves} c5 8. O-O Nc6 (8... O-O 9. e5 Nfd7 10. Re1 Nc6 11. h4 Qc7 12. Nf1 Rfc8 13. Bf4 d4 14. h5 h6 15. N1d2 Nb4 16. Nc4 Nd5 17. Bd2 Rab8 18. a4 a6 19. c3 dxc3 20. bxc3 {½-½ (65) Friedel,J (2562)-Dragun,K (2591) Saint Louis 2018}) 9. exd5 {The position is equal.} exd5 10. d4 O-O 11. dxc5 bxc5 $146 ({Predecessor:} 11... Bxc5 12. Nb3 Re8 13. Qb5 Bf8 14. Bg5 Nb4 {1-0 (53) Zambor,N (2085)-Proehl,H (2350) Sala 1995}) 12. Nb3 Re8 13. c3 Qb6 {...Ba6 is the strong threat.} 14. Qc2 Rad8 15. Be3 Ng4 16. Bf4 Ba6 17. Rfe1 d4 (17... h6 {is interesting.} 18. Rad1 Bc8 19. h3 Nf6 20. Ne5 Nxe5 21. Bxe5 Bf8) 18. cxd4 cxd4 $2 {[%mdl 8192]} (18... c4 $15 {stays ahead.} 19. Ng5 g6) 19. Ng5 $1 $18 Bxg5 20. Bxg5 $2 (20. Rxe8+ $1 $18 Rxe8 21. Qxc6 (21. Bxg5 d3 $17) 21... Qxc6 22. Bxc6 Bxf4 23. Bxe8) 20... Rxe1+ $16 21. Rxe1 f6 22. Bf4 ({But not} 22. Bxc6 fxg5 23. Qc5 Nf6 $11) (22. Qxc6 $16 Qxc6 23. Bxc6 fxg5 24. Re4) 22... d3 $1 $15 {[%cal Rd3c2]} 23. Qc5 Nge5 $2 (23... Qxc5 $1 $17 {stays on course.} 24. Nxc5 Nd4) 24. Be3 ({Not} 24. Bxe5 Qxc5 25. Nxc5 d2 $17) (24. Qxb6 $16 axb6 25. Be3) 24... Qb4 (24... Qxc5 $1 $11 25. Nxc5 Bc4) 25. Rd1 $36 {[%mdl 2048] White is really pushing.} Qxc5 26. Nxc5 Bc4 27. h3 {Black must now prevent f4.} Nd4 {[#]} (27... Bd5 $11) 28. Bxd4 (28. f4 $1 $16 {[%cal Rf4e5]} Nec6 29. Nb7 (29. Nxd3 Bxd3 30. Rxd3 Nf3+ {[%mdl 64] Discovered Attack} 31. Bxf3 Rxd3 $11)) 28... Rxd4 $14 29. b3 Bf7 (29... Bd5 $11 {keeps the balance.}) 30. f4 $16 Nd7 31. Rxd3 Rxd3 32. Nxd3 {[%mdl 4096] Endgame KBN-KBN} Kf8 33. Kf2 Ke7 34. Ke3 Kd6 35. Kd4 Bg6 36. Be4 f5 37. Bg2 Bh5 (37... Nf6 $16 38. Bf3 Bh5) 38. Ne5 $18 Nf8 39. Nc4+ Kd7 40. Ne3 Ke6 41. Bd5+ Kf6 42. b4 {[%cal Bb3b4,Bb4b5][%mdl 32]} Be2 43. a4 {[%cal Ba2a4,Ba4a5,Ba5a6][%mdl 32]} g6 $2 (43... g5 44. fxg5+ Kxg5) 44. b5 Nd7 45. Bc4 Bf3 46. a5 Ke7 47. Bd5 Be2 48. Bc6 Nf6 (48... Nb8 $142 49. Kc5 Kd8) 49. Ke5 Nh5 $2 (49... Nd7+ 50. Kd5 Nf8) 50. Nd5+ Kd8 51. a6 {Threatening mate with b6.} Kc8 52. b6 Kb8 53. Bb7 $2 (53. bxa7+ $18 Kxa7 54. Nf6) 53... Nxg3 $16 54. Nb4 ({Better is} 54. bxa7+ $16 Kxa7 55. Nf6) 54... axb6 $11 55. Kd6 {[%cal Rb4c6]} Bb5 56. Bc6 Bd3 $2 {[%mdl 8192]} (56... Ne4+ $11 57. Ke5 Bc4) 57. Bd5 $2 ({Only move:} 57. Nxd3 $18 {Hoping for Bb7.} Ne4+ 58. Ke5) 57... Bb5 58. Bc6 Bf1 59. Kd7 b5 $2 {[%mdl 8192] [#]} (59... Ka7 $15 60. Bb7 Bb5+ 61. Ke6 Ne4) 60. Bb7 $1 $18 {[%cal Rb4c6]} Ka7 61. Kc7 {Accuracy: White = 50%, Black = 29%.} 1-0

[Event "RUS-ch Women Rapid 2019"]
[Site "Sochi"]
[Date "2019.10.16"]
[Round "11.12"]
[White "Afonasieva, Anna"]
[Black "Vasilevich, Tatjana"]
[Result "1/2-1/2"]
[WhiteElo "2312"]
[BlackElo "2265"]
[Annotator "NA"]
[PlyCount "70"]
[EventDate "2019.10.15"]
[EventType "swiss"]
[EventCountry "RUS"]
[SourceTitle "playchess.com"]
[Source "ChessBase"]
[SourceQuality "1"]
[TimeControl "900+10"]

1. d4 {[%emt 0:00:00]} Nf6 {[%emt 0:00:00]} 2. Nf3 {[%emt 0:00:00]} e6 {[%emt 0:00:00]} 3. c4 {[%emt 0:00:00]} b6 {[%emt 0:00:00]} 4. g3 {[%emt 0:00:00]} Ba6 {[%emt 0:00:00]} 5. b3 {[%emt 0:00:00]} Bb4+ {[%emt 0:00:00]} 6. Bd2 {[%emt 0:00:00]} Be7 {[%emt 0:00:00]} 7. Bg2 {[%emt 0:00:00]} Bb7 {[%emt 0:00:00]} 8. O-O {[%emt 0:00:01]} O-O {[%emt 0:00:00]} 9. Nc3 {[%emt 0:00:16]} Ne4 {[%emt 0:00:00]} 10. Nxe4 {[%emt 0:00:27]} Bxe4 {[%emt 0:00:01]} 11. Bc3 {[%emt 0:00:02]} d6 {[%emt 0:01:18]} 12. Ne1 {[%emt 0:00:57]} Bxg2 {[%emt 0:01:09]} 13. Kxg2 {[%emt 0:00:02]} f5 {[%emt 0:00:15]} 14. Nd3 {[%emt 0:00:50]} Qe8 {[%emt 0:01:11]} 15. f3 {[%emt 0:00:31]} Nd7 {[%emt 0:00:18]} 16. Nf4 {[%emt 0:00:51]} Bg5 {[%emt 0:00:03]} 17. Bd2 {[%emt 0:00:19]} Bf6 {[%emt 0:02:57]} 18. Be3 {[%emt 0:01:23]} g5 {[%emt 0:00:25]} 19. Nh3 {[%emt 0:00:23]} Qg6 {[%emt 0:00:18]} 20. Rc1 {[%emt 0:00:16]} Rad8 {[%emt 0:01:42]} 21. Qd2 {[%emt 0:01:24]} h6 {[%emt 0:01:20]} 22. Qd3 {[%emt 0:00:21]} Qg7 {[%emt 0:00:26]} 23. Bf2 {[%emt 0:00:51]} Kh8 {[%emt 0:00:31]} 24. e4 {[%emt 0:00:27]} fxe4 {[%emt 0:00:59]} 25. fxe4 {[%emt 0:00:08]} c5 {[%emt 0:04:02]} 26. Rcd1 {[%emt 0:00:48]} cxd4 {[%emt 0:01:14]} 27. Bxd4 {[%emt 0:00:04]} Be5 {[%emt 0:00:26]} 28. Bxe5 {[%emt 0:01:38]} Nxe5 {[%emt 0:00:11]} 29. Qe2 {[%emt 0:01:03]} Nc6 {[%emt 0:00:30]} 30. Nf2 {[%emt 0:00:18]} Nd4 {[%emt 0:00:08]} 31. Qd3 {[%emt 0:00:17]} e5 {[%emt 0:00:14]} 32. Ng4 {[%emt 0:00:09]} Rxf1 {[%emt 0:00:13]} 33. Rxf1 {[%emt 0:00:04]} Rf8 {[%emt 0:00:01]} 34. Ne3 {[%emt 0:00:09]} Kg8 {[%emt 0:00:26]} 35. Nd5 {[%emt 0:00:19]} g4 {[%emt 0:00:07]} 1/2-1/2